| 000 | 02165nas1a22003371i 4500 | ||
|---|---|---|---|
| 001 | RU\NLR\INFOCOMM55\1000031588 | ||
| 005 | 20240725224922.0 | ||
| 035 | _a(NLR Aleph) 002466358 | ||
| 090 |
_a2298404 _c2298404 |
||
| 100 | _a20040412b19231927|||y0rusy50 ca | ||
| 101 | 0 | _arus | |
| 102 | _aRU | ||
| 110 | _azyu||||0|y0 | ||
| 200 | 1 | _aТруды Галичского отделения Костромского научного общества по изучению местного края | |
| 207 | 1 | _aВып.1-5 | |
| 210 |
_aКострома _d1923-1927 |
||
| 710 | 0 | 2 |
_aКостромское научное общество по изучению местного края _bГаличское отделение _4070 |
| 801 | 1 |
_aRU _bInfoComm _c20040412 |
|
| 801 | 0 |
_aRU _bNLR _gPSBO |
|
| 852 |
_aNLR _j34/1694 |
||
| 852 |
_aNLR _j35/1914 |
||
| 942 | _cSE | ||
| 980 | _aRUSPER | ||